Statystyki dla 20 Najczęściej kupowanych gier na steamie (2015)

Kliknij tutaj aby rozwiązać quiz!

Ogólne statystyki

  • Ten quiz został rozwiązany 43 razy
  • Średni wynik to 2 z 20

Statystyki odpowiedzi

Liczba zakupieńGra% Poprawnych
3,572,564Grand Theft Auto V
76%
1,082,161The Witcher 3: Wild Hunt
54%
1,046,369Dying Light
19%
2,482,504Fallout 4
14%
2,187,649ARK: Survival Evolved
11%
1,789,121Cities: Skylines
8%
2,055,341H1Z1
5%
1,321,229Besiege
3%
723,375Killing Floor 2
3%
707,206Life is Strange
3%
778,297Metal Gear Solid V: Phantom pain
3%
590,203PIllars of Eternity
3%
530,343Undertale
3%
764,721Call of Duty: Black Ops III
0%
539,353Darkest Dungeon
0%
612,295Elite: Dangerous
0%
1,490,193Prison Architect
0%
1,920,812Rocket Legaue
0%
585,512Stranded Deep
0%
565,148The Escapists
0%

Rozkład punktacji

Percentyl według liczby udzielonych odpowiedzi

Procent ludzi z każdym wynikiem

Twoja historia wyników

Nie rozwiązałeś tego quizu